Операционные усилители постоянного тока: пер. с пол.

Библиографические подробности
Главный автор: Менджинский Е.
Язык:русский
Опубликовано: Москва, Энергия, 1967
Серии:Библиотека по автоматике Вып. 270
Предметы:
Формат: Книга
Запись в KOHA:https://koha.lib.tpu.ru/cgi-bin/koha/opac-detail.pl?biblionumber=54137

MARC

LEADER 00000nam0a2200000 4500
001 54137
005 20231101211453.0
035 |a (RuTPU)RU\TPU\book\56749 
090 |a 54137 
100 |a 20030630d1967 km y0rusy50 ca 
101 1 |a rus  |c pol 
102 |a RU 
105 |a a z 001zy 
200 1 |a Операционные усилители постоянного тока  |e пер. с пол.  |f Е. Менджинский 
210 |a Москва  |c Энергия  |d 1967 
215 |a 136 с.  |c ил. 
225 1 |a Библиотека по автоматике  |v Вып. 270 
320 |a Библиогр.: с. 133-134. 
606 1 |a Операционные усилители  |2 stltpush  |3 (RuTPU)RU\TPU\subj\47062  |9 66129 
610 1 |a усилители постоянного тока 
610 1 |a аналоговые вычислительные машины 
610 1 |a динамические режимы 
610 1 |a схемы 
675 |a 621.375.13  |v 3 
700 1 |a Менджинский  |b Е. 
801 1 |a RU  |b 63413507  |c 20030630  |g PSBO 
801 2 |a RU  |b 63413507  |c 20211025  |g PSBO 
942 |c BK